[Event "Lanzarote-chT"]
[White "Salazar de la Cruz, Jose Maria"]
[Black "Pleschke, Julius Jonas"]
[Site "Arrecife de Lanzarote"]
[Round "2.1"]
[Result "1-0"]
[Date "2021.07.03"]
[WhiteElo "2099"]
[BlackElo "1605"]
[PlyCount "121"]
[EventDate "2021.07.03"]
[EventType "team-tourn"]
[EventRounds "6"]
[EventCountry "ESP"]
[SourceTitle "EXT 2022"]
[Source "ChessBase"]
[SourceDate "2021.10.06"]
[SourceVersion "1"]
[SourceVersionDate "2021.10.06"]
[SourceQuality "1"]
[WhiteTeam "Lanzarote CIAL"]
[BlackTeam "Esacan Cacharros"]
[WhiteTeamCountry "ESP"]
[BlackTeamCountry "ESP"]

1. d4 Nf6 2. Bf4 g6 3. Nc3 d5 4. e3 Bg7 5. Nf3 Bg4 6. h3 Bf5 7. Nb5 Na6 8. c4 c6 9. Nc3 Nc7 10. Rc1 Rc8 11. Be2 0-0 12. c5 Ne4 13. b4 Nxc3 14. Rxc3 a6 15. a4 Be4 16. 0-0 f6 17. Nd2 g5 18. Bg3 Bg6 19. f4 h6 20. Bg4 Ra8 21. f5 Bf7 22. h4 Ne8 23. Rb3 b5 24. Nb1 Bh8 25. Nd2 Ng7 26. hxg5 fxg5 27. Ra3 Ne8 28. Qa1 Nf6 29. Be2 Ne4 30. Be1 Qc8 31. Bd3 Nf6 32. Bg3 Nh5 33. Be5 Nf6 34. Be2 Ne4 35. Nxe4 dxe4 36. Bxh8 Kxh8 37. d5+ Kh7 38. dxc6 Qxc6 39. axb5 axb5 40. Bxb5 Qxb5 41. Rxa8 Rxa8 42. Qxa8 Qxb4 43. Qf8 Qb3 44. Qxe7 Qxe3+ 45. Kh1 Kg7 46. c6 Qe2 47. Qe5+ Kh7 48. Ra1 h5 49. Qe7 Kg7 50. Qxg5+ Kh7 51. f6 Qg4 52. Qxg4 hxg4 53. Ra7 Kg6 54. Rxf7 e3 55. Re7 g3 56. c7 e2 57. c8Q e1Q+ 58. Rxe1 Kh5 59. Qg8 Kh6 60. Re7 Kh5 61. Rh7# 1-0

[Event "Canarias-chT"]
[White "Amador Garcia, Ismael"]
[Black "Salazar de la Cruz, Jose Maria"]
[Site "Vecindario"]
[Round "6.2"]
[Result "1/2-1/2"]
[Date "2019.06.16"]
[WhiteElo "2157"]
[BlackElo "2104"]
[PlyCount "58"]
[EventDate "2019.06.13"]
[EventType "team-swiss"]
[EventRounds "6"]
[EventCountry "ESP"]
[SourceTitle "EXT 2020"]
[Source "ChessBase"]
[SourceDate "2019.10.17"]
[SourceVersion "1"]
[SourceVersionDate "2019.10.17"]
[SourceQuality "1"]
[WhiteTeam "La Caja de Canarias"]
[BlackTeam "La Cochinilla de Lanzarote"]
[WhiteTeamCountry "ESP"]
[BlackTeamCountry "ESP"]

1. e4 c5 2. Nf3 Nc6 3. Bb5 e6 4. 0-0 Nge7 5. d4 cxd4 6. Nxd4 a6 7. Nxc6 Nxc6 8. Bxc6 bxc6 9. c4 d5 10. exd5 cxd5 11. cxd5 exd5 12. Qa4+ Qd7 13. Qd4 f6 14. Nc3 Bb7 15. Na4 Rd8 16. Bd2 Bd6 17. Rfe1+ Kf7 18. Nc5 Bxc5 19. Qxc5 Rc8 20. Qb6 Rc6 21. Qb3 Rhc8 22. Bc3 Kg8 23. Rad1 Rc4 24. Rd4 Qc6 25. h3 Qb5 26. Qd1 Qd7 27. Qe2 Rxd4 28. Bxd4 Rc4 29. Qe3 Rc8 1/2-1/2

[Event "Canarias-chT"]
[White "Salazar de la Cruz, Jose Maria"]
[Black "Hidalgo Santana, Fernando"]
[Site "Vecindario"]
[Round "5.2"]
[Result "1-0"]
[Date "2019.06.15"]
[WhiteElo "2104"]
[BlackElo "2140"]
[PlyCount "125"]
[EventDate "2019.06.13"]
[EventType "team-swiss"]
[EventRounds "6"]
[EventCountry "ESP"]
[SourceTitle "EXT 2020"]
[Source "ChessBase"]
[SourceDate "2019.10.17"]
[SourceVersion "1"]
[SourceVersionDate "2019.10.17"]
[SourceQuality "1"]
[WhiteTeam "La Cochinilla de Lanzarote"]
[BlackTeam "Guia"]
[WhiteTeamCountry "ESP"]
[BlackTeamCountry "ESP"]

1. e4 e5 2. Nf3 Nc6 3. d4 exd4 4. Nxd4 Bc5 5. Nxc6 Qf6 6. Qf3 bxc6 7. Bc4 Qxf3 8. gxf3 Ne7 9. Be3 Bxe3 10. fxe3 Rb8 11. Nc3 d6 12. 0-0-0 Be6 13. Bb3 0-0 14. Rhg1 Bxb3 15. axb3 f5 16. e5 Rbd8 17. exd6 cxd6 18. Rd4 Rf6 19. Kd2 Rh6 20. Rg2 Rh3 21. Ke2 Kf7 22. Nd1 Ng6 23. Nf2 Rh5 24. Nd3 Kf6 25. Nc5 Ke7 26. Nb7 Rd7 27. Na5 Rc7 28. f4 Rh3 29. Nc4 d5 30. Nd2 Kf6 31. Nf1 Re7 32. Kf2 Nf8 33. Ra4 Ne6 34. Ra6 Rc7 35. b4 Kf7 36. Ng3 g6 37. Ne2 Ke7 38. Ng1 Rh5 39. Nf3 Kd6 40. c3 Rb7 41. Ne5 Nd8 42. Nf3 Kc7 43. Kg3 Kb8 44. Ne5 Rb6 45. Nd7+ Kb7 46. Ra5 Rb5 47. Rxb5+ cxb5 48. Nf6 Rh6 49. Rd2 Ne6 50. Rxd5 g5 51. Rxb5+ Kc6 52. Rxf5 gxf4+ 53. exf4 Rg6+ 54. Ng4 Kd6 55. Rf6 Kd5 56. f5 Rxf6 57. Nxf6+ Ke5 58. fxe6 Kxf6 59. c4 Kxe6 60. Kf4 h6 61. Ke4 a6 62. Kf4 Kf6 63. h4 1-0

[Event "Canarias-chT"]
[White "Salazar de la Cruz, Jose Maria"]
[Black "Hernandez Leon, Sergio"]
[Site "Vecindario"]
[Round "3.3"]
[Result "1-0"]
[Date "2019.06.14"]
[WhiteElo "2104"]
[BlackElo "2093"]
[PlyCount "87"]
[EventDate "2019.06.13"]
[EventType "team-swiss"]
[EventRounds "6"]
[EventCountry "ESP"]
[SourceTitle "EXT 2020"]
[Source "ChessBase"]
[SourceDate "2019.10.17"]
[SourceVersion "1"]
[SourceVersionDate "2019.10.17"]
[SourceQuality "1"]
[WhiteTeam "La Cochinilla de Lanzarote"]
[BlackTeam "Ebano Barrio Nuevo"]
[WhiteTeamCountry "ESP"]
[BlackTeamCountry "ESP"]

1. e4 e5 2. Nf3 Nc6 3. d4 exd4 4. Nxd4 Bb4+ 5. c3 Bc5 6. Nxc6 bxc6 7. Bd3 Qh4 8. Qf3 Nf6 9. Bf4 d5 10. exd5 Bg4 11. Qg3 Qxg3 12. Bxg3 0-0-0 13. 0-0 Rxd5 14. Bc4 Rd7 15. b4 Bd6 16. Na3 h5 17. Ba6+ Kb8 18. Nc4 h4 19. Bxd6 cxd6 20. f3 Be6 21. Na5 Rc7 22. Rfd1 Rd8 23. Rd4 Nd5 24. Rc1 c5 25. bxc5 Rxc5 26. Nb7 Rc6 27. Nxd8 Rxa6 28. Nxe6 fxe6 29. c4 Ne3 30. Kf2 Nf5 31. Rd2 Kc7 32. g4 hxg3+ 33. hxg3 e5 34. c5 Nd4 35. cxd6+ Kxd6 36. f4 Ra4 37. fxe5+ Kxe5 38. Re1+ Kf5 39. Re7 g5 40. Kg2 g4 41. Rf7+ Ke4 42. Kf2 Ne6 43. Re2+ Kd5 44. Rf5+ 1-0

[Event "Benidorm op U2300 17th"]
[White "Amdouni, Zoubaier"]
[Black "Salazar de la Cruz, Jose Maria"]
[Site "Benidorm"]
[Round "1"]
[Result "1-0"]
[Date "2018.11.30"]
[WhiteElo "2267"]
[BlackElo "2058"]
[PlyCount "77"]
[EventDate "2018.11.30"]
[EventType "swiss"]
[EventRounds "10"]
[EventCountry "ESP"]
[SourceTitle "EXT 2022"]
[Source "ChessBase"]
[SourceDate "2021.10.06"]
[SourceVersion "1"]
[SourceVersionDate "2021.10.06"]
[SourceQuality "1"]

1. e4 c5 2. Nf3 Nc6 3. d4 cxd4 4. Nxd4 g6 5. Nc3 Bg7 6. Be3 Nf6 7. Bc4 0-0 8. Bb3 d6 9. f3 Bd7 10. h4 Nxd4 11. Bxd4 b5 12. h5 a5 13. hxg6 hxg6 14. Qd2 a4 15. Bd5 e5 16. Bxa8 exd4 17. Nd5 Nh7 18. 0-0-0 Re8 19. Bb7 Qb8 20. Qf4 Be5 21. Qh4 Qxb7 22. Qxh7+ Kf8 23. a3 Be6 24. Nb4 Rc8 25. Qh6+ Bg7 26. Qg5 Qb6 27. Rh7 Qc5 28. Qh4 Bb3 29. Qf2 Bf6 30. Kb1 Be6 31. f4 Rc7 32. Rdh1 Rc8 33. g4 Bxg4 34. Nd5 Bg7 35. Qh2 Bh5 36. Qg2 d3 37. c3 Be2 38. Qg5 d2 39. Rh8+ 1-0

[Event "San Cristobal de La Laguna op 1st"]
[White "Salazar de la Cruz, Jose Maria"]
[Black "Perez Bolanos, Joel"]
[Site "San Cristobal de La Laguna"]
[Round "7"]
[Result "1-0"]
[Date "2018.09.05"]
[WhiteElo "2040"]
[BlackElo "1702"]
[PlyCount "71"]
[EventDate "2018.08.31"]
[EventType "swiss"]
[EventRounds "9"]
[EventCountry "ESP"]
[SourceTitle "CBM 186 Extra"]
[Source "ChessBase"]
[SourceDate "2018.08.24"]
[SourceVersion "1"]
[SourceVersionDate "2018.08.24"]
[SourceQuality "1"]

1. e4 c5 2. Nf3 d6 3. Bb5+ Nd7 4. 0-0 a6 5. Bd3 b5 6. c3 Bb7 7. Bc2 Ngf6 8. Re1 Rc8 9. a4 g6 10. d3 Bg7 11. Nbd2 0-0 12. h3 Ne8 13. Nf1 Nc7 14. Ng3 e5 15. d4 cxd4 16. cxd4 Ne6 17. d5 Nc7 18. Be3 bxa4 19. Rxa4 Nb5 20. Bd3 Nc5 21. Rc4 Nxd3 22. Qxd3 Rxc4 23. Qxc4 f5 24. exf5 gxf5 25. Nh5 f4 26. Nxg7 Kxg7 27. Bd2 Qa8 28. Nxe5 Bxd5 29. Qd3 Bxg2 30. Ng4 Rf7 31. Bc3+ Kf8 32. Nh6 Re7 33. Qf5+ Ke8 34. Rxe7+ Kxe7 35. Bf6+ Kf8 36. Qe6 1-0

[Event "Lanzarote op"]
[White "Salazar de la Cruz, Jose Maria"]
[Black "Garcia Padron, Jose"]
[Site "Lanzarote"]
[Round "9"]
[Result "0-1"]
[Date "2018.06.30"]
[WhiteElo "2056"]
[BlackElo "2403"]
[PlyCount "98"]
[EventDate "2018.06.25"]
[EventType "swiss"]
[EventRounds "9"]
[EventCountry "ESP"]
[SourceTitle "CBM 185 Extra"]
[Source "ChessBase"]
[SourceDate "2018.07.29"]
[SourceVersion "1"]
[SourceVersionDate "2018.07.29"]
[SourceQuality "1"]

1. e4 e5 2. Nf3 Nf6 3. Nxe5 d6 4. Nf3 Nxe4 5. Nc3 Nxc3 6. dxc3 Be7 7. Bf4 0-0 8. Qd2 Na6 9. 0-0-0 Nc5 10. Be3 Bg4 11. Be2 a5 12. h3 Be6 13. Kb1 a4 14. Nd4 a3 15. b3 c6 16. f4 Bd5 17. Rhg1 Re8 18. g4 Ne4 19. Qd3 c5 20. Nf5 Bf6 21. Bd2 Qa5 22. c4 Bc3 23. Nxd6 Nxd2+ 24. Rxd2 Bxd2 25. Nxe8 Bc6 26. Nc7 Rf8 27. Nd5 Bxd5 28. cxd5 Bxf4 29. c4 Re8 30. Rf1 g5 31. h4 Re3 32. Qc2 h6 33. hxg5 hxg5 34. Rh1 Kf8 35. Rd1 Ke7 36. Bf3 Kd6 37. Be4 Qb4 38. Bd3 Re1 39. Be2 Be5 40. Rxe1 Qxe1+ 41. Bd1 f5 42. gxf5 g4 43. f6 g3 44. f7 Bg7 45. Qg6+ Kc7 46. d6+ Kb8 47. Qd3 Qe5 48. f8Q+ Bxf8 49. Qd2 Bg7 0-1

[Event "Lanzarote op"]
[White "Shi Zheng, Jia Ying"]
[Black "Salazar de la Cruz, Jose Maria"]
[Site "Lanzarote"]
[Round "1"]
[Result "0-1"]
[Date "2018.06.25"]
[WhiteElo "1329"]
[BlackElo "2056"]
[PlyCount "58"]
[EventDate "2018.06.25"]
[EventType "swiss"]
[EventRounds "9"]
[EventCountry "ESP"]
[SourceTitle "CBM 185 Extra"]
[Source "ChessBase"]
[SourceDate "2018.07.29"]
[SourceVersion "1"]
[SourceVersionDate "2018.07.29"]
[SourceQuality "1"]

1. e4 c5 2. Nf3 Nc6 3. d4 cxd4 4. Nxd4 g6 5. Be3 Nf6 6. Nd2 Bg7 7. c3 0-0 8. Be2 d6 9. 0-0 Ne5 10. h3 Ned7 11. Re1 Nc5 12. Qc2 Bd7 13. Rad1 Rc8 14. N4f3 Bc6 15. e5 Nd5 16. Bxc5 dxc5 17. Nc4 b5 18. Na3 c4 19. b3 cxb3 20. Qxb3 a6 21. c4 bxc4 22. Bxc4 e6 23. Bxa6 Ra8 24. Bc4 Ba4 25. Qd3 Bxd1 26. Rxd1 Nb4 27. Qxd8 Rfxd8 28. Rxd8+ Rxd8 29. Bb3 Nxa2 0-1

[Event "Canarias-chT"]
[White "Salazar de la Cruz, Jose Maria"]
[Black "Aubry, Yannis"]
[Site "Vecindario"]
[Round "5.3"]
[Result "0-1"]
[Date "2018.06.02"]
[WhiteElo "2056"]
[BlackElo "2195"]
[PlyCount "83"]
[EventDate "2018.05.31"]
[EventType "team-swiss"]
[EventRounds "6"]
[EventCountry "ESP"]
[SourceTitle "EXT 2019"]
[Source "ChessBase"]
[SourceDate "2018.10.10"]
[SourceVersion "1"]
[SourceVersionDate "2018.10.10"]
[SourceQuality "1"]
[WhiteTeam "Guia"]
[BlackTeam "Grandama Santa Lucia"]
[WhiteTeamCountry "ESP"]
[BlackTeamCountry "ESP"]

1. e4 d6 2. d4 Nf6 3. Nc3 e5 4. dxe5 dxe5 5. Qxd8+ Kxd8 6. Bc4 Ke8 7. Nf3 Bd6 8. h3 c6 9. a4 a5 10. Be3 Nbd7 11. 0-0 Bb4 12. Nd2 Bc5 13. Bxc5 Nxc5 14. Nf3 Nfd7 15. Ng5 f6 16. Nf7 Nb6 17. Nd6+ Ke7 18. Nxc8+ Rhxc8 19. Be2 Rd8 20. Bg4 Rd2 21. Rfc1 Rad8 22. b3 Na8 23. Nb1 R2d4 24. Bf3 Nb6 25. Nc3 Rd2 26. Nb1 R2d6 27. Na3 g6 28. Re1 Ne6 29. Rac1 Ng5 30. Kf1 Rd2 31. Nb1 R2d4 32. c3 Nxf3 33. gxf3 Rd3 34. Re3 Rd1+ 35. Rxd1 Rxd1+ 36. Re1 Rxe1+ 37. Kxe1 Nd7 38. Nd2 Nc5 39. Ke2 b5 40. axb5 cxb5 41. b4 axb4 42. cxb4 0-1